| 000 | 003400000a22000970004500 | ||
|---|---|---|---|
| 100 | 1 | _aMuñoz León, Domingo | |
| 245 | 1 | 0 | _aLa proclamación del reinado de Dios, y de su Cristo sobrel el mundo en Ap. 11,15 : Contactos con targum de Ex. 15,18 |
| 300 | _avol. 57, núm 1 (1999), Páginas 441-457 | ||
| 773 | 0 | _tEstudios Bíblicos | |
| 942 | _cANA | ||
| 999 |
_c50297 _d50297 |
||